logo

Bir Sreshtho Munshi Abdur Rouf Library
Jhenaidah Cadet College

Enlightened despotism / (Record no. 9043)

MARC details
000 -LEADER
fixed length control field 00537cam a22002171 4500
001 - CONTROL NUMBER
JCCL Control Number 9043
003 - CONTROL NUMBER IDENTIFIER
JCCL marc code BD-JhCC
005 - DATE AND TIME OF LATEST TRANSACTION
control field 20180321175802.0
008 - FIXED-LENGTH DATA ELEMENTS--GENERAL INFORMATION
fixed length control field 780606s1967 nyu b 000 0 eng
035 ## - SYSTEM CONTROL NUMBER
system control number (BD-JhCC)9043
040 ## - CATALOGING SOURCE
Original cataloging agency BD-JhCC
Modifying agency BD-JhCC
041 ## - LANGUAGE CODE
Language code of Book eng
050 00 - LIBRARY OF CONGRESS CALL NUMBER
Classification number D290
Item number .G3
082 00 - DEWEY DECIMAL CLASSIFICATION NUMBER
Classification number 321.6
Author mark and Year GAG 1967
100 1# - MAIN ENTRY--PERSONAL NAME
Personal name Gagliardo, John G.
245 10 - TITLE STATEMENT
Title Enlightened despotism /
Statement of responsibility, etc [by] John G. Gagliardo.
260 ## - PUBLICATION, DISTRIBUTION, ETC. (IMPRINT)
Place of publication, distribution, etc New York,
Name of publisher, distributor, etc Crowell
Date of publication, distribution, etc [1967]
300 ## - PHYSICAL DESCRIPTION
Pagination ix, 118 p.
Dimensions 21 cm.
942 ## - ADDED ENTRY ELEMENTS (KOHA)
Source of classification or shelving scheme Dewey Decimal Classification
Koha item type Books
Holdings
Source of classification or shelving scheme Damaged status Not for loan Home library Current library Shelving location Total Checkouts Full call number Barcode Date last seen Copy number Koha item type
Dewey Decimal Classification     JCC Rouf Library JCC Rouf Library General Stacks   321.6 GAG 1967 12077 03/07/2018 C - 1 Books

JCC Library | Contacts | JCC Home

Last Update on 23 September 2017
Copyright @ 2017-2020 JCC Rouf Library
Rouf Library, Jhenidah Cadet College (JCC), Bangladesh